| 000 | 00550 a2200205 4500 | ||
|---|---|---|---|
| 005 | 20240528155117.0 | ||
| 008 | 240502b |||||||| |||| 00| 0 eng d | ||
| 020 |
_a9780367331382 _c£ 49.99 |
||
| 040 | _aMAIN | ||
| 082 |
_a338.4791 _bE35M(3) |
||
| 100 | _aEdgell, David L | ||
| 245 | _aManaging sustainable tourism: A legacy for the future | ||
| 250 | _a3rd | ||
| 260 |
_bRoutledge _c2020 _aNew York |
||
| 300 | _axiv, 290 | ||
| 650 | _aSustainable Tourism-Management | ||
| 650 | _aEcotourism | ||
| 650 | _aHeritage Tourism | ||
| 942 | _cBK | ||
| 999 |
_c312871 _d312871 |
||